[Event "HUN-chT2 Maroczy 1718"]
[Site "Hungary"]
[Date "2018.03.25"]
[Round "8.5"]
[White "Secheres, Adrian Simion"]
[Black "Pirisi, Gabor"]
[Result "1-0"]
[WhiteElo "2364"]
[BlackElo "2231"]
[PlyCount "75"]
[EventDate "2017.10.29"]
[EventType "team-tourn"]
[EventRounds "9"]
[EventCountry "HUN"]
[SourceTitle "EXT 2021"]
[Source "ChessBase"]
[SourceDate "2020.10.23"]
[SourceVersion "1"]
[SourceVersionDate "2020.10.23"]
[SourceQuality "1"]
[WhiteTeam "Kisujszallas"]
[BlackTeam "Dunaharaszti II"]
[WhiteTeamCountry "HUN"]
[BlackTeamCountry "HUN"]

1. d4 Nf6 2. c4 g6 3. Nc3 Bg7 4. e4 0-0 5. Be3 d6 6. f3 e5 7. Nge2 c6 8. Qd2 exd4 9. Nxd4 a6 10. 0-0-0 b5 11. Nc2 Be6 12. e5 Nfd7 13. exd6 bxc4 14. Bd4 Ne5 15. f4 Nd3+ 16. Bxd3 cxd3 17. Qxd3 Qxd6 18. Qe3 Bh6 19. Ne4 Qxf4 20. Nf6+ Kh8 21. Qxf4 Bxf4+ 22. Kb1 Bh6 23. h4 Bg7 24. h5 Bxf6 25. Bxf6+ Kg8 26. Rd6 Nd7 27. Bc3 Rfe8 28. hxg6 fxg6 29. Nd4 Nc5 30. Bb4 Nd3 31. Bc3 Bd5 32. Rd7 Be4 33. Ka1 h5 34. Nxc6 Bxg2 35. Rg1 Nf4 36. Ne7+ Kf7 37. Re1 g5 38. Nc8+ 1-0

[Event "HUN-chT2 Maroczy 1718"]
[Site "Hungary"]
[Date "2017.11.26"]
[Round "2.4"]
[White "Farago, Sandor"]
[Black "Pirisi, Gabor"]
[Result "1/2-1/2"]
[WhiteElo "2221"]
[BlackElo "2231"]
[PlyCount "24"]
[EventDate "2017.10.29"]
[EventType "team-tourn"]
[EventRounds "9"]
[EventCountry "HUN"]
[SourceTitle "EXT 2021"]
[Source "ChessBase"]
[SourceDate "2020.10.23"]
[SourceVersion "1"]
[SourceVersionDate "2020.10.23"]
[SourceQuality "1"]
[WhiteTeam "Taban Spartacus"]
[BlackTeam "Dunaharaszti II"]
[WhiteTeamCountry "HUN"]
[BlackTeamCountry "HUN"]

1. e4 c5 2. Nf3 d6 3. d4 cxd4 4. Nxd4 Nf6 5. Nc3 g6 6. Be3 Bg7 7. Be2 0-0 8. 0-0 Nc6 9. h3 d5 10. Nxc6 bxc6 11. exd5 Nxd5 12. Nxd5 cxd5 1/2-1/2

[Event "Balaton op 34th"]
[Site "Balatonboglar"]
[Date "2016.06.18"]
[Round "5"]
[White "Kincs, Imre"]
[Black "Pirisi, Gabor"]
[Result "1/2-1/2"]
[WhiteElo "2154"]
[BlackElo "2212"]
[PlyCount "160"]
[EventDate "2016.06.14"]
[EventType "swiss"]
[EventRounds "9"]
[EventCountry "HUN"]
[SourceTitle "CBM 173 Extra"]
[Source "ChessBase"]
[SourceDate "2016.08.29"]
[SourceVersion "1"]
[SourceVersionDate "2016.08.29"]
[SourceQuality "1"]

1. d4 Nf6 2. Nf3 g6 3. c4 Bg7 4. Nc3 0-0 5. e4 d6 6. Be3 e5 7. d5 a5 8. h3 Na6 9. a3 c6 10. Be2 cxd5 11. cxd5 Bd7 12. Nd2 Qb8 13. Nc4 Nc5 14. Nb6 Ra7 15. Nxd7 Nfxd7 16. Nb5 Ra8 17. f3 f5 18. Qc2 fxe4 19. fxe4 Nf6 20. Bf3 Rc8 21. 0-0 Ncxe4 22. Bxe4 Rxc2 23. Bxc2 a4 24. Bd3 Kh8 25. Bc4 Ra5 26. Rfd1 Qe8 27. Nc3 b5 28. Be2 Qb8 29. Na2 Qb7 30. Nb4 Ra8 31. Rac1 Bf8 32. Rc6 Nd7 33. Rf1 h5 34. g4 hxg4 35. Bxg4 Nc5 36. Kg2 Qh7 37. Rb6 Bh6 38. Bxc5 dxc5 39. Nd3 Bf4 40. Nxf4 exf4 41. Rxf4 Qc7 42. Rbf6 Qe5 43. d6 Kg7 44. Rf7+ Kh6 45. d7 Rd8 46. Rf2 b4 47. h4 Qe4+ 48. Kh3 bxa3 49. bxa3 c4 50. Rg2 c3 51. Rff2 Qc6 52. Rc2 Rxd7 53. Bxd7 Qxd7+ 54. Kh2 Qd3 55. Rcf2 Kh5 56. Rg3 Qd6 57. Rc2 Qxa3 58. Rcxc3 Qd6 59. Rcd3 Qb8 60. Rd7 Kh6 61. Rdd3 Qf4 62. Kg2 Qe4+ 63. Kf2 Qxh4 64. Ke2 Qe4+ 65. Kf2 g5 66. Rh3+ Kg6 67. Rd6+ Kf5 68. Rf3+ Ke5 69. Rdd3 Qb4 70. Rde3+ Kd5 71. Kg3 Qd6+ 72. Kg2 Qg6 73. Rd3+ Kc5 74. Kg3 Kb4 75. Rde3 Qc6 76. Kg4 Qd5 77. Ra3 Qc5 78. Rfe3 Qd5 79. Red3 Qc5 80. Re3 Qd5 1/2-1/2

[Event "Balaton op 34th"]
[Site "Balatonboglar"]
[Date "2016.06.17"]
[Round "4"]
[White "Pirisi, Gabor"]
[Black "Green, Per"]
[Result "1-0"]
[WhiteElo "2212"]
[BlackElo "1967"]
[PlyCount "36"]
[EventDate "2016.06.14"]
[EventType "swiss"]
[EventRounds "9"]
[EventCountry "HUN"]
[SourceTitle "CBM 173 Extra"]
[Source "ChessBase"]
[SourceDate "2016.08.29"]
[SourceVersion "1"]
[SourceVersionDate "2016.08.29"]
[SourceQuality "1"]

1. e4 e6 2. d4 d5 3. e5 c5 4. c3 Nc6 5. Be3 f6 6. Nf3 fxe5 7. Nxe5 Nxe5 8. dxe5 Qc7 9. f4 Ne7 10. Na3 a6 11. Bd3 g6 12. 0-0 Bd7 13. Qe2 Bg7 14. Qf2 Rb8 15. g4 Qa5 16. Nc2 c4 17. Be2 Qa4 18. Nd4 Qa5 1-0

[Event "Balaton op 34th"]
[Site "Balatonboglar"]
[Date "2016.06.15"]
[Round "2"]
[White "Pirisi, Gabor"]
[Black "Charnley, Bernard J"]
[Result "1-0"]
[WhiteElo "2212"]
[BlackElo "1985"]
[PlyCount "53"]
[EventDate "2016.06.14"]
[EventType "swiss"]
[EventRounds "9"]
[EventCountry "HUN"]
[SourceTitle "CBM 173 Extra"]
[Source "ChessBase"]
[SourceDate "2016.08.29"]
[SourceVersion "1"]
[SourceVersionDate "2016.08.29"]
[SourceQuality "1"]

1. c4 e6 2. g3 f5 3. Bg2 Nf6 4. Nc3 Bb4 5. Qb3 Nc6 6. Nf3 0-0 7. 0-0 Bxc3 8. Qxc3 Ne4 9. Qc2 e5 10. d3 Nf6 11. c5 Kh8 12. b4 d6 13. b5 Nb4 14. Qc4 Nbd5 15. e4 Ne7 16. cxd6 cxd6 17. Ng5 d5 18. exd5 Nfxd5 19. Ba3 h6 20. Bxd5 hxg5 21. Rfe1 Rf6 22. Rxe5 Nxd5 23. Rxd5 Qe8 24. Bb2 Re6 25. Qd4 Qf7 26. Rd8+ Kh7 27. Rc1 1-0

[Event "HUN-chT2 Maroczy 1415"]
[Site "Hungary"]
[Date "2015.03.01"]
[Round "7"]
[White "Pirisi, Gabor"]
[Black "Nemeth, Zoltan"]
[Result "0-1"]
[WhiteElo "2230"]
[BlackElo "2317"]
[PlyCount "100"]
[EventDate "2014.10.12"]
[EventType "team-tourn"]
[EventRounds "9"]
[EventCountry "HUN"]
[SourceTitle "EXT 2016"]
[Source "ChessBase"]
[SourceDate "2015.10.08"]
[SourceVersion "1"]
[SourceVersionDate "2015.10.08"]
[SourceQuality "1"]
[WhiteTeam "Dunaharaszti II"]
[BlackTeam "Magyar Sakkvilag"]
[WhiteTeamCountry "HUN"]
[BlackTeamCountry "HUN"]

1. c4 e5 2. g3 Nc6 3. Bg2 g6 4. e3 Bg7 5. Ne2 d6 6. Nbc3 Be6 7. Nd5 Qd7 8. Qa4 h5 9. 0-0 h4 10. f4 hxg3 11. Nxg3 Bh3 12. f5 Bxg2 13. Kxg2 gxf5 14. Nxf5 0-0-0 15. Kh1 e4 16. Qc2 Be5 17. Qxe4 Rxh2+ 18. Kg1 Nge7 19. Ndxe7+ Nxe7 20. Nxe7+ Qxe7 21. Qg4+ Qe6 22. Qxe6+ fxe6 23. Rf2 Rg8+ 24. Kf1 Rh1+ 25. Ke2 Rgg1 26. d4 Rxc1 27. Rxc1 Rxc1 28. dxe5 Rxc4 29. Rf8+ Kd7 30. exd6 Rc2+ 31. Kd3 Rxb2 32. dxc7 Kxc7 33. a4 Rb4 34. a5 a6 35. Re8 Kd7 36. Rb8 e5 37. Rh8 Rb5 38. Ke4 Rxa5 39. Rh7+ Kc6 40. Rh6+ Kc7 41. Rh7+ Kb6 42. Rh6+ Ka7 43. Re6 Rc5 44. Rxe5 Rxe5+ 45. Kxe5 a5 46. Kd4 Kb6 47. e4 Kc6 48. Kc4 b5+ 49. Kb3 Kc5 50. Kc3 a4 0-1

[Event "HUN-chT2 Maroczy 1415"]
[Site "Hungary"]
[Date "2015.01.25"]
[Round "5"]
[White "Pirisi, Gabor"]
[Black "Estrada Nieto, Julian"]
[Result "0-1"]
[WhiteElo "2241"]
[BlackElo "2304"]
[PlyCount "120"]
[EventDate "2014.10.12"]
[EventType "team-tourn"]
[EventRounds "9"]
[EventCountry "HUN"]
[SourceTitle "EXT 2016"]
[Source "ChessBase"]
[SourceDate "2015.10.08"]
[SourceVersion "1"]
[SourceVersionDate "2015.10.08"]
[SourceQuality "1"]
[WhiteTeam "Dunaharaszti II"]
[BlackTeam "Hajduboszormeny"]
[WhiteTeamCountry "HUN"]
[BlackTeamCountry "HUN"]

1. c4 e5 2. Nc3 Nf6 3. g3 d5 4. cxd5 Nxd5 5. Bg2 Nb6 6. Nf3 Nc6 7. 0-0 Be7 8. d3 0-0 9. Bd2 Re8 10. Rc1 Bf8 11. Ne4 Bg4 12. h3 Bh5 13. Nc5 Bxc5 14. Rxc5 Qd6 15. Qc2 Bxf3 16. Bxf3 Nd4 17. Qc1 Nxf3+ 18. exf3 c6 19. Be3 Qxd3 20. Rc3 Qf5 21. Kg2 Nd5 22. Rb3 Qd7 23. Re1 Re6 24. Qc4 a6 25. Bc1 Rae8 26. Qc5 h6 27. Qa7 R6e7 28. Be3 Qc8 29. Qc5 e4 30. f4 h5 31. Qc2 Qf5 32. Kh2 Rd7 33. Bc1 Qg6 34. Bd2 f5 35. Bc1 Qd6 36. Qc4 Re6 37. Rd1 Qe7 38. Qe2 Qf7 39. Rg1 Red6 40. Bd2 Nc7 41. Bc3 Nb5 42. Rxb5 axb5 43. a3 Rd3 44. h4 Kh7 45. Rc1 Qg6 46. Rc2 Qg4 47. Qxg4 hxg4 48. Kg2 Rd1 49. Bb4 Rb1 50. Bd2 Rd4 51. Kh2 Kg6 52. Kg2 Kf7 53. Kh2 g6 54. Kg2 Ke6 55. Kh2 Kd7 56. Kg2 b6 57. Kh2 c5 58. Kg2 Kc6 59. Kh2 Rc4 60. Rxc4 bxc4 0-1

[Event "HUN-chT 1415"]
[Site "Hungary"]
[Date "2014.11.30"]
[Round "3.3"]
[White "Balla, Tamas Kristof"]
[Black "Pirisi, Gabor"]
[Result "1-0"]
[WhiteElo "2366"]
[BlackElo "2241"]
[PlyCount "139"]
[EventDate "2014.10.12"]
[EventType "team-tourn"]
[EventRounds "9"]
[EventCountry "HUN"]
[SourceTitle "CBM 163 Extra"]
[Source "ChessBase"]
[SourceDate "2014.12.23"]
[SourceVersion "1"]
[SourceVersionDate "2014.12.23"]
[SourceQuality "1"]
[WhiteTeam "Mako"]
[BlackTeam "Dunaharaszti"]
[WhiteTeamCountry "HUN"]
[BlackTeamCountry "HUN"]

1. d4 Nf6 2. c4 g6 3. Nc3 Bg7 4. e4 0-0 5. f3 d6 6. Be3 e5 7. Nge2 c6 8. Qd2 Nbd7 9. 0-0-0 exd4 10. Nxd4 Re8 11. Nc2 Re6 12. Bf4 Ne8 13. h4 Ne5 14. h5 Qc7 15. hxg6 fxg6 16. Nd4 Rf6 17. Bg3 Rf8 18. f4 Ng4 19. c5 b5 20. cxb6 Qxb6 21. Bc4+ d5 22. exd5 Nd6 23. Bb3 Bxd4 24. dxc6+ Qxb3 25. axb3 Be3 26. Qxe3 Nxe3 27. Rxd6 Nf5 28. Rd3 Ba6 29. Rd7 Nxg3 30. Rhxh7 Rxf4 31. Rdg7+ Kf8 32. Rxa7 Rf1+ 33. Kd2 Rd8+ 34. Rad7 Kg8 35. Rhg7+ Kf8 36. Rxg6 Rxd7+ 37. cxd7 Ke7 38. Rxa6 Kxd7 39. Rg6 Rf2+ 40. Kd3 Rxg2 41. Kc4 Nf5 42. Rxg2 Ne3+ 43. Kc5 Nxg2 44. Nd5 Ne1 45. Nf4 Kc7 46. b4 Kb7 47. b5 Nf3 48. Nd3 Nd2 49. Ne5 Nb3+ 50. Kc4 Nd2+ 51. Kd5 Kc7 52. b6+ Kb7 53. Nd7 Nf3 54. Kc5 Ng5 55. Kb5 Nf7 56. Nc5+ Kb8 57. Ka6 Ne5 58. b7 Kc7 59. Ne6+ Kb8 60. Nd8 Kc7 61. Ka7 Nd7 62. b4 Nb8 63. b5 Nd7 64. Nc6 Kd6 65. b8Q+ Nxb8 66. Nxb8 Kc7 67. b6+ Kc8 68. b7+ Kc7 69. Na6+ Kd7 70. b8Q 1-0

[Event "Balaton op 32nd"]
[Site "Balatonboglar"]
[Date "2014.06.20"]
[Round "7"]
[White "Babits, Andras"]
[Black "Pirisi, Gabor"]
[Result "0-1"]
[WhiteElo "2082"]
[BlackElo "2246"]
[PlyCount "62"]
[EventDate "2014.06.14"]
[EventType "swiss"]
[EventRounds "9"]
[EventCountry "HUN"]
[SourceTitle "EXT 2015"]
[Source "ChessBase"]
[SourceDate "2014.11.20"]
[SourceVersion "1"]
[SourceVersionDate "2014.11.20"]
[SourceQuality "1"]

1. e4 g6 2. b3 Bg7 3. Nc3 d6 4. Bb2 Nf6 5. f3 0-0 6. d4 a6 7. Bd3 Nc6 8. Nge2 Nb4 9. 0-0 c5 10. a3 Nxd3 11. Qxd3 cxd4 12. Nxd4 Bd7 13. Rad1 Rc8 14. a4 Qa5 15. Kh1 Rfd8 16. Nb1 e5 17. Bc3 Rxc3 18. Nxc3 exd4 19. Ne2 Re8 20. Nxd4 d5 21. Ne2 dxe4 22. fxe4 Bc6 23. Ng3 Nxe4 24. Qc4 Nxg3+ 25. hxg3 Qc7 26. Kh2 Be5 27. Rd3 Kg7 28. Rfd1 h5 29. Qh4 Be4 30. R3d2 Bf5 31. Qg5 h4 0-1

[Event "Budapest Spring op 30th"]
[Site "Budapest"]
[Date "2014.03.17"]
[Round "4"]
[White "Pirisi, Gabor"]
[Black "Vereb, Gabor"]
[Result "0-1"]
[WhiteElo "2258"]
[BlackElo "2137"]
[PlyCount "106"]
[EventDate "2014.03.14"]
[EventType "swiss"]
[EventRounds "9"]
[EventCountry "HUN"]
[SourceTitle "CBM 159 Extra"]
[Source "ChessBase"]
[SourceDate "2014.04.24"]
[SourceVersion "1"]
[SourceVersionDate "2014.04.24"]
[SourceQuality "1"]

1. c4 g6 2. Nc3 c5 3. Nf3 Bg7 4. g3 d6 5. Bg2 Nc6 6. 0-0 Nf6 7. d4 cxd4 8. Nxd4 Nxd4 9. Qxd4 0-0 10. Qh4 a6 11. Bh6 Qb6 12. Bxg7 Kxg7 13. b3 Be6 14. Ne4 Nxe4 15. Qxe4 Rab8 16. Rfd1 Rfc8 17. Qh4 Rc7 18. Bd5 Bxd5 19. Rxd5 Qc6 20. Qd4+ Kg8 21. h4 h5 22. Rc1 Qd7 23. Kg2 Rbc8 24. a4 Rc5 25. Rxc5 Rxc5 26. b4 Re5 27. Qd1 Qc6+ 28. Kg1 g5 29. hxg5 h4 30. b5 Qe4 31. Qd3 hxg3 32. Qxe4 gxf2+ 33. Kxf2 Rxe4 34. Kf3 Re5 35. Rg1 Kg7 36. e4 Rc5 37. bxa6 bxa6 38. Rb1 Rxg5 39. Rb7 Kf6 40. Rb6 Ra5 41. c5 Rxc5 42. Rxa6 Ke5 43. Ra7 e6 44. Rxf7 Rc3+ 45. Kg4 Ra3 46. Ra7 Kxe4 47. a5 d5 48. a6 e5 49. Ra8 d4 50. Kg5 Ke3 51. a7 e4 52. Kf5 Ra5+ 53. Ke6 d3 0-1

[Event "Budapest Spring op 30th"]
[Site "Budapest"]
[Date "2014.03.14"]
[Round "1"]
[White "Wiman, Kenneth"]
[Black "Pirisi, Gabor"]
[Result "0-1"]
[WhiteElo "1891"]
[BlackElo "2258"]
[PlyCount "78"]
[EventDate "2014.03.14"]
[EventType "swiss"]
[EventRounds "9"]
[EventCountry "HUN"]
[SourceTitle "CBM 159 Extra"]
[Source "ChessBase"]
[SourceDate "2014.04.24"]
[SourceVersion "1"]
[SourceVersionDate "2014.04.24"]
[SourceQuality "1"]

1. d4 Nf6 2. c4 g6 3. Nc3 Bg7 4. e4 0-0 5. Nf3 d6 6. Be2 e5 7. dxe5 dxe5 8. Qxd8 Rxd8 9. Bg5 Na6 10. Nd5 Rd6 11. Nxf6+ Bxf6 12. Bxf6 Rxf6 13. a3 Nc5 14. Nd2 a5 15. f3 Rd6 16. Nf1 Nb3 17. Rd1 Rxd1+ 18. Bxd1 Nd4 19. Ne3 Be6 20. Kd2 c6 21. c5 Rd8 22. Kc3 f5 23. a4 f4 24. Nc4 Bxc4 25. Kxc4 Kg7 26. g3 Ne6 27. gxf4 Nxf4 28. Kc3 Rd3+ 29. Kc2 Rd4 30. Kc3 Nd3 31. Bc2 Nxc5 32. b3 Kf6 33. Re1 Kg5 34. Rg1+ Kf4 35. Rg3 b5 36. axb5 cxb5 37. Rh3 h5 38. Rg3 g5 39. Rh3 h4 0-1

[Event "Balaton op 31st"]
[Site "Heviz"]
[Date "2013.09.28"]
[Round "6"]
[White "Pirisi, Gabor"]
[Black "Bagi, Mate"]
[Result "1/2-1/2"]
[WhiteElo "2242"]
[BlackElo "2368"]
[PlyCount "57"]
[EventDate "2013.09.23"]
[EventType "swiss"]
[EventRounds "9"]
[EventCountry "HUN"]
[SourceTitle "EXT 2014"]
[Source "ChessBase"]
[SourceDate "2013.11.20"]
[SourceVersion "1"]
[SourceVersionDate "2013.11.20"]
[SourceQuality "1"]

1. c4 Nf6 2. Nc3 e5 3. g3 d5 4. cxd5 Nxd5 5. Bg2 Nb6 6. Nf3 Nc6 7. 0-0 Be7 8. d3 0-0 9. Bd2 Be6 10. Rc1 f6 11. a3 Nd4 12. Nxd4 exd4 13. Ne4 Bd5 14. b4 c6 15. Nc5 Bxc5 16. Rxc5 Bxg2 17. Kxg2 Qd7 18. Bc1 Rfe8 19. Bb2 Rad8 20. Re1 Qe6 21. Qa1 Na4 22. Ra5 Nxb2 23. Qxb2 a6 24. Rc5 Rd5 25. e4 dxe3 26. Rxe3 Qf7 27. Rxe8+ Qxe8 28. Rxd5 cxd5 29. Qc3 1/2-1/2

[Event "Balaton IM 30th"]
[Site "Heviz"]
[Date "2012.09.27"]
[Round "5"]
[White "Miturova, Magdalena"]
[Black "Pirisi, Gabor"]
[Result "1-0"]
[WhiteElo "2150"]
[BlackElo "2268"]
[PlyCount "59"]
[EventDate "2012.09.23"]
[EventType "tourn"]
[EventRounds "9"]
[EventCountry "HUN"]
[EventCategory "1"]
[SourceTitle "CBM 150 Extra"]
[Source "ChessBase"]
[SourceDate "2012.10.19"]
[SourceVersion "1"]
[SourceVersionDate "2012.10.19"]
[SourceQuality "1"]

1. e4 c5 2. Nf3 d6 3. d4 cxd4 4. Nxd4 Nf6 5. Nc3 g6 6. Be3 Nc6 7. f3 Bg7 8. Qd2 0-0 9. 0-0-0 Bd7 10. h4 Rc8 11. g4 Ne5 12. h5 Nxf3 13. Nxf3 Bxg4 14. Be2 Bxh5 15. Bh6 Qa5 16. Bxg7 Kxg7 17. Nd4 Bxe2 18. Qh6+ Kh8 19. Ndxe2 Qe5 20. Rd5 Qe6 21. Nf4 Qg4 22. Rdd1 Rg8 23. Ncd5 Rg7 24. Nxe7 Re8 25. Rdg1 Qf3 26. Nf5 Rgg8 27. Nxd6 Re7 28. Nd5 Rd7 29. Nxf6 Qxf6 30. Qxh7# 1-0

[Event "Balaton IM 30th"]
[Site "Heviz"]
[Date "2012.09.26"]
[Round "4"]
[White "Pirisi, Gabor"]
[Black "Titz, Heimo"]
[Result "1-0"]
[WhiteElo "2268"]
[BlackElo "2168"]
[PlyCount "103"]
[EventDate "2012.09.23"]
[EventType "tourn"]
[EventRounds "9"]
[EventCountry "HUN"]
[EventCategory "1"]
[SourceTitle "CBM 150 Extra"]
[Source "ChessBase"]
[SourceDate "2012.10.19"]
[SourceVersion "1"]
[SourceVersionDate "2012.10.19"]
[SourceQuality "1"]

1. c4 c5 2. Nc3 Nc6 3. g3 g6 4. Bg2 Bg7 5. Nf3 d6 6. 0-0 Nf6 7. d4 cxd4 8. Nxd4 Bd7 9. Nc2 0-0 10. b3 Qa5 11. Nb5 Rfc8 12. Bd2 Qd8 13. Bc3 Rab8 14. Ncd4 Nxd4 15. Bxd4 Bxb5 16. cxb5 b6 17. a4 Nd7 18. Bxg7 Kxg7 19. Bc6 a5 20. b4 axb4 21. Qd4+ Kg8 22. Qxb4 Rc7 23. a5 bxa5 24. Qxa5 Nb6 25. h4 h5 26. Rfd1 Qc8 27. Rac1 d5 28. Qd2 e6 29. Qf4 Kg7 30. Kh2 f6 31. Bd7 Rxd7 32. Rxc8 Rxc8 33. Qe3 Rd6 34. Ra1 Rc7 35. Ra6 Nc4 36. Qc3 Rcd7 37. Qb4 Kh6 38. Qc5 g5 39. Rc6 gxh4 40. gxh4 Kg6 41. b6 Rxc6 42. Qxc6 Nxb6 43. Qxe6 Rb7 44. Qc6 Re7 45. Qxb6 Rxe2 46. Qb1+ Kg7 47. Qf5 Re5 48. Qd7+ Kf8 49. Kg3 Kg8 50. f4 Re3+ 51. Kf2 Ra3 52. Qf5 1-0

[Event "HUN-chT 1112"]
[Site "Hungary"]
[Date "2012.02.19"]
[Round "6"]
[White "Pirisi, Gabor"]
[Black "Gara, Anita"]
[Result "1-0"]
[WhiteElo "2249"]
[BlackElo "2340"]
[PlyCount "107"]
[EventDate "2011.09.25"]
[EventType "team-tourn"]
[EventRounds "11"]
[EventCountry "HUN"]
[SourceTitle "EXT 2013"]
[Source "ChessBase"]
[SourceDate "2012.11.22"]
[SourceVersion "1"]
[SourceVersionDate "2012.11.22"]
[SourceQuality "1"]
[WhiteTeam "Honved"]
[BlackTeam "Penzugyor"]
[WhiteTeamCountry "HUN"]
[BlackTeamCountry "HUN"]

1. c4 b6 2. Nc3 Bb7 3. e4 e6 4. Nf3 c5 5. Be2 Nc6 6. 0-0 Nd4 7. Nxd4 cxd4 8. Nb5 a6 9. Nxd4 Bxe4 10. d3 Bb7 11. Bf3 Bxf3 12. Qxf3 Bd6 13. Bf4 Bxf4 14. Qxf4 Ne7 15. b4 d6 16. Qf3 Qc8 17. a4 e5 18. Nb3 a5 19. b5 0-0 20. Rac1 Ra7 21. d4 exd4 22. Rfd1 Rc7 23. Nxd4 Re8 24. Re1 Qd7 25. h3 Rec8 26. Rc3 h6 27. Rce3 Ng6 28. Nc6 Kh7 29. Qe4 Rxc6 30. bxc6 Qxc6 31. Qxc6 Rxc6 32. Re4 Ne5 33. f4 Nxc4 34. Rc1 d5 35. Rd4 Rc5 36. Rb1 Kg6 37. Rb5 Rxb5 38. axb5 Kf5 39. Rxd5+ Ke4 40. Rd7 a4 41. Rxf7 a3 42. Rxg7 Kd3 43. Re7 Nd6 44. Ra7 Nxb5 45. Ra6 Ke4 46. Rxb6 a2 47. Ra6 Nc3 48. g3 h5 49. Kg2 h4 50. Ra5 Ne2 51. f5 hxg3 52. Rxa2 Nf4+ 53. Kxg3 Nd5 54. Kg4 1-0

[Event "HUN-chT 1112"]
[Site "Hungary"]
[Date "2011.11.13"]
[Round "3"]
[White "Pirisi, Gabor"]
[Black "Gyorkos, Lajos"]
[Result "1/2-1/2"]
[WhiteElo "2249"]
[BlackElo "2395"]
[PlyCount "31"]
[EventDate "2011.09.25"]
[EventType "team-tourn"]
[EventRounds "11"]
[EventCountry "HUN"]
[SourceTitle "EXT 2012"]
[Source "ChessBase"]
[SourceDate "2011.11.24"]
[SourceVersion "1"]
[SourceVersionDate "2011.11.24"]
[SourceQuality "1"]
[WhiteTeam "Honved"]
[BlackTeam "Paks"]
[WhiteTeamCountry "HUN"]
[BlackTeamCountry "HUN"]

1. c4 g6 2. Nc3 Bg7 3. d4 c5 4. e3 Nf6 5. d5 0-0 6. Nf3 d6 7. Be2 e6 8. 0-0 exd5 9. cxd5 Na6 10. h3 Nc7 11. a4 Re8 12. Re1 Bf5 13. Nd2 a6 14. a5 Rb8 15. Bf1 Ne4 16. Ndxe4 1/2-1/2

[Event "Balaton op-A 29th"]
[Site "Heviz"]
[Date "2011.10.22"]
[Round "5"]
[White "Szente Varga, Fruzsina"]
[Black "Pirisi, Gabor"]
[Result "0-1"]
[WhiteElo "1951"]
[BlackElo "2249"]
[PlyCount "90"]
[EventDate "2011.10.18"]
[EventType "swiss"]
[EventRounds "9"]
[EventCountry "HUN"]
[SourceTitle "EXT 2012"]
[Source "ChessBase"]
[SourceDate "2011.11.24"]
[SourceVersion "1"]
[SourceVersionDate "2011.11.24"]
[SourceQuality "1"]

1. e4 c5 2. Nf3 d6 3. d4 cxd4 4. Nxd4 Nf6 5. Nc3 g6 6. Be3 Bg7 7. Bc4 Ng4 8. 0-0 Nxe3 9. fxe3 0-0 10. Qd2 Nc6 11. Nf3 Bd7 12. Rf2 Rc8 13. Raf1 Na5 14. Bb3 b5 15. Nd4 Nc4 16. Qe2 a6 17. Nd1 Qb6 18. c3 Ne5 19. h3 a5 20. a3 Bh6 21. Nf3 Nc4 22. Bxc4 Rxc4 23. e5 Re4 24. exd6 Qxd6 25. Nd4 Qd5 26. Rf3 e5 27. Nc2 Bc6 28. Nf2 Qc4 29. Qe1 f5 30. Nxe4 Bxe4 31. Qh4 Bxf3 32. Qxh6 Bxg2 33. Kxg2 Qe4+ 34. Kg1 Qxc2 35. Rf2 Qb1+ 36. Kh2 Qe4 37. Qg5 Qd5 38. h4 Qd8 39. Qg3 f4 40. exf4 exf4 41. Qg4 Qd6 42. h5 Rf5 43. Rg2 f3+ 44. Rg3 Qe5 45. hxg6 Rh5+ 0-1